Going Down the Mississippi River - Statistics

General Stats
  • This quiz has been taken 69 times
  • The average score is 9 of 10
Answer Stats
Answer % Correct
Mississippi
98%
Missouri
97%
Arkansas
95%
Louisiana
95%
Minnesota
93%
Illinois
90%
Iowa
90%
Wisconsin
90%
Tennessee
87%
Kentucky
85%
No matching quizzes found
Score Distribution
Percent of People with Each Score
Percentile by Number Answered
Your Score History
You have not taken this quiz